Score 0/40 Timer 04:00
3 Plays Today
Clue 4-Letter Word % Correct
HairlessBALD
94.2%
● Free ____: Skydiver's thrill ●● FALL ●
93.2%
SunriseDAWN
92.3%
Young girl in ScotlandLASS
91.9%
Repair a cavityFILL
91.8%
Fancy danceBALL
91.7%
Old MacDonald's placeFARM
90.4%
It's historyPAST
90.3%
Croquet venueLAWN
89%
Shakespeare, for oneBARD
88.8%
OrdinancesLAWS
88.5%
Pillow stuffingDOWN
88.4%
● Free ____: Theme park giveaway, perhaps ●● PASS ●
87.9%
AnnoyancePEST
87.6%
Animal skinPELT
87.2%
Spare in the trunkTIRE
86.8%
● Free ____: Leisure hours ●● TIME ●
86.5%
Pb elementLEAD
86.3%
Provide temporarilyLEND
85.8%
RippedTORE
85.1%
Clue 4-Letter Word % Correct
British noblemanLORD
83.7%
Skin openingPORE
83.3%
● Free ____: Volition ●● WILL ●
83%
38th US PresidentFORD
82.9%
● Free ____: Lynyrd Skynyrd classic ●● BIRD ●
82.9%
● Free____: Without restrictions, as in poetry ●● FORM ●
82.6%
Watering holeWELL
82.1%
Italian cheese, for shortPARM
81.5%
Boston basketballer, for shortCELT
81.4%
● Free____: Take advantage of someone's generosity ●● LOAD ●
81.3%
● Free____: Version of solitaire ●● CELL ●
80.9%
● Free____: Drawn without mechanical aid ●● HAND ●
79.9%
● Free____: Bahamas cruise stop ●● PORT ●
79.2%
Crow's nest sightingLAND
78.4%
Cleave, separatePART
77%
● Free____: Capital of Sierra Leone ●● TOWN ●
73.9%
● Free ____: Full scholarship, e.g. ●● RIDE ●
73.1%
Posterior, rearHIND
71%
Difficult situationBIND
69.6%
Wintry coatingRIME
69%

Today's Daily Dose

Remove Ads.
Support Sporcle.
Get the best of Sporcle when you Go Orange. This ad-free experience offers more features, more stats, and more fun while also helping to support Sporcle. Thank you for becoming a member.

You're not logged in!

Compare scores with friends on all Sporcle quizzes.
OR
Log In

Show Comments

Extras

Top Quizzes Today


Score Distribution

Your Account Isn't Verified!

In order to create a playlist on Sporcle, you need to verify the email address you used during registration. Go to your Sporcle Settings to finish the process.

Report this User

Report this user for behavior that violates our Community Guidelines.

Details: